000
00302nam a2200109Ia 4500
008
200302s9999 xx 000 0 und d
100
_a
Kamla Kant Tripathi
245
_a
Road to Excellence Japanese Management in Indian Milieu
260
_b
Konark Publishers Pvt. Ltd.
260
_c
1994
300
_a
136 P.,
999
_c
826
_d
826